000 00655nam a2200217 a 4500
001 46287
003 BD-RjUL
005 20211209054130.0
008 16 s1958 pk b 000 0 eng
035 _a(BD-RjUL)46405
040 _aDLC
_cDLC
_dBD-RjUL
_beng
041 _aeng
082 0 0 _a327.5491
_223
_bCHP 1958
100 1 _aChaudhri, Mohammed Ahsen.
_9129569
245 1 0 _aPakistan and the regional pacts /
_cMohammed Ahsen Chaudhri.
260 _aKarachi :
_bEast publications.,
_c1958
300 _a[6], 144 p. ;
_c23 cm.
504 _aIncludes bibliographical references.
651 0 _aPakistan
_xForeign relations.
_9141359
942 _2ddc
_cBK
999 _c46287
_d46287